Races de chien - Statistiques

Statistiques générales
  • Ce quiz a été pris 974 fois
  • Le résultat moyen est 17 sur 36
Statistiques - réponses
Par images Réponse % Correct
Berger allemand
96%
Labrador
95%
Husky
87%
Dalmatien
86%
Golden retriever
82%
Beagle
79%
Berger australien
78%
Malinois
77%
Chihuahua
75%
Saint Bernard
71%
Border collie
63%
Dobermann
58%
Carlin
56%
Yorkshire
54%
Rottweiler
53%
Bouledogue français
50%
Boxer
48%
Welsh Corgi
47%
Bouvier bernois
46%
Berger suisse
44%
Epagneul breton
41%
Fox terrier
40%
Bull Terrier
38%
Jack Russell
36%
Beauceron
33%
Dogue allemand
32%
Levrier afghan
24%
Patou
23%
Dogue argentin
22%
Pekinois
19%
Westie
17%
Whippet
10%
American Staffordshire Terrier
8%
Epagneul français
5%
Levrier irlandais
4%
Epagneul de Saint-Usuge
1%
Aucun quiz correspondant
Distribution des résultats
% des personnes avec chaque résultat
Percentile par nombre de réponses
Votre historique - résultats
Vous n’avez pas pris ce quiz